000 00997nam a2200277 i 4500
001 bg
003 BPK
005 20200805121430.0
008 990506s1984 pl a |000 0 pol
015 _aPB 1984/4014
020 _a8320405955
040 _aWA N
_cBPK
080 _a621.382
100 1 _aKorzec, Zdzisław
_d(1929- )
_eAutor
245 1 0 _aTranzystory polowe złączowe :
_bzasady działania, technologia, zastosowania /
_cZdzisław Korzec, Tomasz Kacprzyk.
250 _aWyd. 2 zm.
260 _aWarszawa :
_bWydawnictwa Naukowo-Techniczne,
_c1984.
300 _a271, [1] s. :
_brys., wykr. ;
_c24 cm.
490 1 _aUkłady i Systemy Elektroniczne.
650 4 _aTranzystory
710 2 _aWydawnictwa Naukowo-Techniczne
_4pbl.
700 1 _aKacprzak, Tomasz
_eAutor
830 0 _aUkłady i Systemy Elektroniczne
942 _2UKD
_cKS
856 _uhttp://koha.tu.koszalin.pl/cgi-bin/koha/opac-detail.pl?biblionumber=47196
_yKatalog online BPK
999 _c47196
_d47196